| 000 | 01314nam a2200229Ia 4500 | ||
|---|---|---|---|
| 999 |
_c54915 _d54915 |
||
| 001 | 21986 | ||
| 003 | GE_BSU | ||
| 005 | 20220926104913.0 | ||
| 008 | 181216s2003||||ge |||||||||||||| ||geo|| | ||
| 040 | _cGE_BSU | ||
| 041 | _ageo | ||
| 080 | _a821.111-32 ვ -20 | ||
| 245 |
_aველური ალუბლის ხე : _b თანამედროვე ინგლისელ მწერალთა ნაწარმოებები / _cინგლ. თარგმ. ზურღან გემაზაშვილმა. |
||
| 264 |
_aბათუმი : _bსაბჭოთა აჭარა, _c1983. |
||
| 300 |
_a132 გვ. ; _c22 სმ. |
||
| 541 | _h5ლ. | ||
| 653 | _aველური ალუბლის ხე | ||
| 653 | _aმხატვრული ლიტერატურა | ||
| 700 |
_aგემაზაშვილი, ზურღან _eმთარგმნელი _914701 |
||
| 710 |
_aსაქართველოს მწერალთა კავშირთან არსებული მხატვრული თარგმანისა და ლიტერატურის ურთიერთობათაბათა მთავარი სარედაქციო კოლეგია _914702 |
||
| 942 |
_cBK _2udc |
||